000 003140000a22001450004500
003 MACL
040 _aMACL
090 _c32961
_d32959
100 _aDodeja, manish
245 _aVentura Publisher Test
260 _bBP B Publications
_c1993
350 _a45
650 _aComputer science
942 _cBOOK
_k004/Dod
999 _c32624
_d32624